Parole de ce rêve bleu - Statistiques

Statistiques générales
  • Ce quiz a été pris 108 fois
  • Le résultat moyen est 128 sur 185
Statistiques - réponses
Réponse % Correct
bleu
99%
Je
99%
je
99%
ce
98%
Ce
98%
me
98%
rêve
98%
ces
96%
pas
95%
C'est
94%
c'est
94%
merveilleux
94%
crois
93%
n'y
93%
à
92%
un
87%
Un
87%
De
86%
de
86%
et
86%
Et
86%
Au
85%
au
85%
monde
81%
une
81%
Aux
80%
aux
80%
en
80%
le
80%
la
78%
La
78%
milles
76%
moi
76%
vais
76%
couleur
75%
75%
t'offrir
75%
tu
75%
les
74%
splendeurs
73%
nous
72%
Nous
72%
ne
71%
Ne
71%
yeux
69%
ciel
68%
deux
68%
Dis
68%
coeur
67%
Pour
67%
Princesse
67%
tes
67%
ton
67%
du
66%
jamais
66%
nouveau
65%
dans
64%
Dans
64%
merveilles
64%
N'as
64%
pays
64%
ouvrir
62%
interdit
61%
bonheur
60%
croire
59%
délices
59%
encore
59%
fabuleux
59%
laissé
59%
personne
59%
voyage
59%
si
58%
dit
56%
parler
56%
Sous
56%
cristal
55%
plein
55%
sens
55%
légère
53%
cieux
49%
ferme
48%
Quand
48%
d'étoile
44%
partageons
44%
chavire
42%
océan
42%
vie
42%
vire
42%
vivons
42%
toi
40%
d'étoiles
38%
Toute
38%
faisons
35%
plus
33%
haut
32%
peux
29%
suis
29%
d'où
28%
Qui
27%
trop
27%
loin
26%
Allée
25%
viens
25%
durera
24%
nuits
24%
retourner
24%
poussière
21%
chevaux
20%
Infiniment
16%
Sur
16%
contemple
15%
vent
14%
temps
13%
Vers
11%
horizons
8%
contre
2%
Aucun quiz correspondant
Distribution des résultats
% des personnes avec chaque résultat
Percentile par nombre de réponses
Votre historique - résultats
Vous n’avez pas pris ce quiz